00684nam a22002057a 450000500170000000800410001701000140005802000230007203500130009503700150010804000120012308200090013524501130014426000400025727000650029730000230036250000460038570000260043170000210045720080617123550.0080617t xxu||||| |||| 00| h eng d aENG-90338 c100.00a8179662144 aEN-73871 bDBAD / PUB aDPLbEN a887  aEmerald treasury of Indain humorous essays in english / cedited by G. S. Balarama Gupta [and] C. N. Srinath aChennai bEmerald Publishers c2008 a15A, First Floor, Case Major Road, Egmore,bChennai e600008 a224p.c23 cm (pbk) aISBN is same to another book (8179662225) aGupta, G.S. Balarama  aSrinath, C. N.